| 000 | 01412cam a22003374a 4500 | ||
|---|---|---|---|
| 005 | 20070926145428.0 | ||
| 008 | 060413s2006 ilu b 001 0 eng | ||
| 010 | _aENG-95523 | ||
| 020 |
_a9780198064206 _c295.00 |
||
| 020 |
_a0198064209 _c295.00 |
||
| 035 | _aEN-79056 | ||
| 037 | _aDBAD/PUB | ||
| 040 | _aDPL | ||
| 082 | _a320.954 | ||
| 100 | _aChandra, Satish | ||
| 245 |
_aState, Pluralism, and the Indian Hisorical Tradition/ _cby Satish Chandra |
||
| 260 |
_aNew Delhi _bOxrofd India University Press, _c2009 |
||
| 300 |
_aviii, 196 p. ; _c22 cm.(Pbk) |
||
| 500 | _aExpanded and revised edition of Gandhi : the traditional roots of charisma, 1983. | ||
| 504 | _aIncludes index. | ||
| 650 |
_aCultural pluralism _zIndia |
||
| 650 | _aBhakti | ||
| 650 |
_aSufisam _zIndia |
||
| 651 |
_aIndia _xPolitics and government |
||
| 651 |
_aIndia _xSocial conditions |
||
| 651 |
_aIndia _xEconomics conditions |
||
| 856 | _uhttp://www.loc.gov/catdir/enhancements/fy0707/2006045545-t.html | ||
| 942 |
_2ddc _cEN _mCHA _h320.954 |
||
| 999 |
_c31981 _d31981 |
||